000 00342nam a2200145Ia 4500
100 _aHall/D V
942 _cBK
654 _aInterFacing Programming
245 _aMicroprocessors & Interfacing Programming & Hardware
260 _bMcGraw Hill
_aNew York
_c1987
082 _a621.3
_bHal
300 _a554
546 _aENGLISH
999 _c32087
_d32087